IMIONA ŻEŃSKIE Z KOŃCÓWKĄ -SŁAWA - Statystyki

Ogólne statystyki
  • Ten quiz został rozwiązany 309 razy
  • Średni wynik to 3 z 5
Statystyki odpowiedzi
Odpowiedź % Poprawnych
WIESŁAWA
72%
STANISŁAWA
60%
BOGUSŁAWA
48%
CZESŁAWA
39%
WŁADYSŁAWA
38%
Nie znaleziono quizów pasujących do podanych kryteriów
Rozkład punktacji
Procent ludzi z każdym wynikiem
Percentyl według liczby udzielonych odpowiedzi
Twoja historia wyników
Nie rozwiązałeś tego quizu